Normal view
MARC view
- Wiley series in telecommunications and signal processing
Entry Uniform Title
001 - CONTROL NUMBER
- control field: 728
003 - CONTROL NUMBER IDENTIFIER
- control field: NUST
005 - DATE AND TIME OF LATEST TRANSACTION
- control field: 20170515122332.0
008 - FIXED-LENGTH DATA ELEMENTS
- fixed length control field: 170515|| aca||aabn | a|a d
040 ## - CATALOGING SOURCE
- Original cataloging agency: NUST
- Transcribing agency: NUST
130 ## - HEADING--UNIFORM TITLE
- Uniform title: Wiley series in telecommunications and signal processing
670 ## - SOURCE DATA FOUND
- Source citation: Work cat.: (NUST)24005: Bellamy, John, 727, Digital telephony /, c2000.
